000 00912cam a22002533a 4500
001 6842
003 PGUSA
005 20140828083137.0
008 041101s2004||||xxu|||||s|||||000 | eng d
040 _aPGUSA
_beng
042 _adc
050 4 _aB
100 1 _aTagore, Rabindranath,
_d1861-1941
245 1 0 _aSadhana :
_bthe realisation of life
_h[electronic resource] /
_cRabindranath Tagore
260 _bProject Gutenberg,
_c2004
505 0 _aThe relation of the individual to the universe -- Soul consciousness -- The problem of evil -- The problem of self -- Realisation in love -- Realisation in action -- The realisation of beauty -- The realisation of the infinite.
506 _aPublic domain in the USA.
516 _aElectronic text
653 _aValues
653 _aPhilosophy, Hindu
830 0 _aProject Gutenberg
_v6842
856 4 0 _uhttp://www.gutenberg.org/ebooks/6842
942 _cEB
999 _c236162
_d236162